000 00622nam a2200181Ia 4500
008 100921s9999 xx 000 0 und d
082 _b41853
_a891.463 न 07
100 _aलागू चिंतामणी.
245 _aरामुपरी.
260 _bमंगल दीप प्रकाशन, पुणे.
_c2007
300 _a240
_bकलाभारती वितरण,पुणे
365 _b210
520 _aललित-कादंबरी.
630 _aरामुपरी.
650 _aललित-कादंबरी.
730 _aरामुपरी.
942 _cBOOK
999 _c790966
_d790963